000 00644nam a22002057a 4500
999 _c9616
_d9616
003 AR-CdUCM
008 190328b ||||| |||| 00| 0 spa d
040 _aMUNICIPALIDAD PROVINCIAL DEL CUSCO
_cBIBLIOTECA MUNICIPAL DEL CUSCO
082 _aC / 869.56 /
_bL96P
100 _aTuna, Tizandro
_925937
245 _aEl Puma Indomable /
260 _aArequipa :
_c1944.
300 _a104 páginas ;
_c21 cm.
500 _aContiene dedicatoria que data del 1944 dirigido a Luis Nieto.
650 _aIndigenismo
_9208
650 _aLiteratura Surealista
_915271
650 _aLiteratura Latinoamericana
_9799
942 _2ddc
_cLIBROS
945 _artm